000 00849 a2200277 4500
001 2337662
005 20220326193300.0
010 _a 98074535
020 _a1581150237
035 _a(OCoLC)40980460
035 _a(OCoLC)ocm40980460
035 _a(NNC)2337662
040 _aDLC
_cDLC
050 0 0 _aNB198.5.P66
_bM37 1999
082 _a735.24
_bM478s
100 1 _aMcEvilley, Thomas,
_d1939-2013.
_91362
245 1 0 _aSculpture in the age of doubt /
_cThomas McEvilley.
260 _aNew York :
_bSchool of Visual Arts ;
_bAllworth Press,
_cc1999.
300 _aviii, 439 p. :
_bill. ;
_c23 cm.
490 1 _aAesthetics today
504 _aIncludes bibliographical references (p. 393-424) and index.
650 0 _aSculpture, Modern
_y20th century.
_91363
650 0 _aPostmodernism.
_91309
830 0 _aAesthetics today.
_917
999 _c294
_d294